|
|
|
|
| LEADER |
00968nam a22002417a 4500 |
| 001 |
40779 |
| 003 |
BD-DhAAL |
| 008 |
230201t2016 ii ||||| b||| 001 0 ben d |
| 040 |
|
|
|a BD-DhAAL
|c BD-DhAAL
|
| 041 |
|
|
|a ben
|
| 082 |
|
|
|a 954.14
|2 23
|
| 100 |
|
|
|a ঘোষ, বিনয়
|
| 245 |
|
|
|a বাংলার বিদ্বৎসমাজ /
|c বিনয় ঘোষ.
|
| 260 |
|
|
|a কলকাতা :
|b প্রকাশ ভবন,
|c ২০১৬.
|
| 300 |
|
|
|a ২২৪ পৃষ্ঠা ;
|c ২২ সে.মি.
|
| 526 |
|
|
|a GenEd
|
| 541 |
|
|
|a Development Book Agency
|e 40779
|
| 650 |
|
|
|a Intellectuals
|z India
|z Bengal.
|
| 651 |
|
|
|a Bengal (India)
|x Intellectual life.
|
| 852 |
|
|
|a Ayesha Abed Library
|c General Stacks
|
| 942 |
|
|
|2 ddc
|c BK
|
| 999 |
|
|
|c 45368
|d 45368
|
| 952 |
|
|
|0 0
|1 0
|2 ddc
|4 0
|6 954_140000000000000_GHO
|7 0
|9 72943
|a SCL
|b SCL
|c GEN
|d 2023-01-15
|e Development Book Agency
|g 400.00
|l 1
|m 2
|o 954.14 GHO
|p 3020040779
|r 2025-10-13
|s 2025-03-19
|t 1
|v 400.00
|w 2023-01-15
|y BK
|